<?xml version="1.0" encoding="UTF-8"?>
<record
    xmlns:xsi="http://www.w3.org/2001/XMLSchema-instance"
    xsi:schemaLocation="http://www.loc.gov/MARC21/slim http://www.loc.gov/standards/marcxml/schema/MARC21slim.xsd"
    xmlns="http://www.loc.gov/MARC21/slim">

  <leader>01740    a2200337   4500</leader>
  <controlfield tag="003">OSt</controlfield>
  <controlfield tag="005">20180116192335.0</controlfield>
  <controlfield tag="008">120301t        xxu||||| |||| 00| 0 eng d</controlfield>
  <datafield tag="010" ind1=" " ind2=" ">
    <subfield code="a">92035106</subfield>
  </datafield>
  <datafield tag="020" ind1=" " ind2=" ">
    <subfield code="a">0750612932 (v. 1)</subfield>
  </datafield>
  <datafield tag="020" ind1=" " ind2=" ">
    <subfield code="a">0750612940 (v. 2)</subfield>
  </datafield>
  <datafield tag="040" ind1=" " ind2=" ">
    <subfield code="c">0</subfield>
  </datafield>
  <datafield tag="082" ind1="0" ind2="0">
    <subfield code="a">725.8</subfield>
  </datafield>
  <datafield tag="110" ind1="0" ind2="4">
    <subfield code="a">The Sports Council "Technical Unit for Sport"</subfield>
    <subfield code="9">473</subfield>
  </datafield>
  <datafield tag="245" ind1="0" ind2="0">
    <subfield code="a">Handbook of sports and recreational building design /</subfield>
    <subfield code="c">edited by Geraint John and Kit Campbell.</subfield>
    <subfield code="n">vol. 1</subfield>
    <subfield code="p">SADAOutdoor sports</subfield>
  </datafield>
  <datafield tag="250" ind1=" " ind2=" ">
    <subfield code="a">2nd ed.</subfield>
  </datafield>
  <datafield tag="260" ind1=" " ind2=" ">
    <subfield code="a">Oxford [England] ;</subfield>
    <subfield code="a">Boston :</subfield>
    <subfield code="b">Butterworth Architecture,</subfield>
    <subfield code="c">1993-1996.</subfield>
  </datafield>
  <datafield tag="300" ind1=" " ind2=" ">
    <subfield code="a">281p.:</subfield>
    <subfield code="b">ill. ;</subfield>
    <subfield code="c">31 cm.</subfield>
  </datafield>
  <datafield tag="500" ind1=" " ind2=" ">
    <subfield code="a">"The Sports Council, Technical Unit for Sport."</subfield>
  </datafield>
  <datafield tag="505" ind1="0" ind2=" ">
    <subfield code="a">v. 1. Outdoor sports -- v. 2. Indoor sports -- v. 3. Swimming pools and ice rinks.</subfield>
  </datafield>
  <datafield tag="520" ind1=" " ind2=" ">
    <subfield code="a"> INCLUDE: Overview Briefing guide Surfaces for outdoor sport Ancillary work Sport-specific facilities Water recreation Sports data sheets (40 sports including archery, cricket, curling, cycle speedway, Gaelic football, mini hockey, lacrosse (men's and women's), petanque, riding and equestrianism, softball, tug-of-war). </subfield>
  </datafield>
  <datafield tag="650" ind1=" " ind2="0">
    <subfield code="a">Sports facilities</subfield>
    <subfield code="x">Design and construction</subfield>
    <subfield code="x">Handbooks, manuals, etc.</subfield>
    <subfield code="9">474</subfield>
  </datafield>
  <datafield tag="650" ind1=" " ind2="0">
    <subfield code="a">Recreation facilities</subfield>
    <subfield code="x">Architecture</subfield>
    <subfield code="9">475</subfield>
  </datafield>
  <datafield tag="700" ind1="1" ind2=" ">
    <subfield code="a">John, Geraint.</subfield>
    <subfield code="9">476</subfield>
  </datafield>
  <datafield tag="700" ind1="1" ind2=" ">
    <subfield code="a">Campbell, Kit.</subfield>
    <subfield code="9">477</subfield>
  </datafield>
  <datafield tag="710" ind1="2" ind2=" ">
    <subfield code="a">Sports Council (Great Britain).</subfield>
    <subfield code="b">Technical Unit for Sport.</subfield>
    <subfield code="9">478</subfield>
  </datafield>
  <datafield tag="856" ind1="4" ind2="2">
    <subfield code="3">Publisher description</subfield>
    <subfield code="u">http://www.loc.gov/catdir/description/els032/92035106.html</subfield>
  </datafield>
  <datafield tag="856" ind1="4" ind2="2">
    <subfield code="3">Table of contents</subfield>
    <subfield code="u">http://www.loc.gov/catdir/toc/els032/92035106.html</subfield>
  </datafield>
  <datafield tag="942" ind1=" " ind2=" ">
    <subfield code="a">SADA</subfield>
    <subfield code="c">BK</subfield>
    <subfield code="k">725.8 SPO 1996</subfield>
    <subfield code="2">ddc</subfield>
  </datafield>
  <datafield tag="999" ind1=" " ind2=" ">
    <subfield code="c">352442</subfield>
    <subfield code="d">352442</subfield>
  </datafield>
  <datafield tag="952" ind1=" " ind2=" ">
    <subfield code="0">0</subfield>
    <subfield code="1">0</subfield>
    <subfield code="2">ddc</subfield>
    <subfield code="3">Vol .1</subfield>
    <subfield code="4">0</subfield>
    <subfield code="7">0</subfield>
    <subfield code="a">SADA</subfield>
    <subfield code="b">SADA</subfield>
    <subfield code="d">2010-09-29</subfield>
    <subfield code="l">5</subfield>
    <subfield code="m">1</subfield>
    <subfield code="o">725.8 SPO 1996</subfield>
    <subfield code="p">SADA0000231</subfield>
    <subfield code="r">2015-12-29</subfield>
    <subfield code="s">2015-12-21</subfield>
    <subfield code="t">01</subfield>
    <subfield code="v">19555.00</subfield>
    <subfield code="w">2011-08-05</subfield>
    <subfield code="y">BK</subfield>
  </datafield>
</record>
